000 00282nam a22001337a 4500
020 _a13-978-93-5103-100-0
082 _a823
_bSHA/H
100 _aSHAKESPEARE
245 _aHAMLET
260 _aBRIGHTON
_bSALARIYA BOOK
300 _a48
650 _aENGLISH SHORT STORY
942 _cBK
999 _c3146
_d3146